000 00295nam a2200133Ia 4500
008 100328s9999 xx 000 0 und d
082 _b602
100 _aHume David
245 _aFive Aces
260 _bForty-Eighty Pall Mall
630 _aFive Aces
730 _aFive Aces
942 _cBOOK
999 _c496933
_d496930